000 00789nam a22002537a 4500
005 20220714150536.0
008 220714b ||||| |||| 00| 0 eng d
020 _a8185812276
040 _cAL
041 _aEnglish
082 _223
_a261.243
_bPERG
100 _aRaveen Perera
_949461
245 _aGospel and the Nobel Eightfold Path As a Search for a New World Order
260 _aBangalore
_bIndian Institute of Spirituality
_c2000
300 _axii,298 p.
_bPB
_c21.5x14 cm.
650 _aBuddhist interpretations of Jesus Christ
_949462
650 _aInterfaith relations
_949463
650 _aJesus Christ
_949464
650 _aBuddhism
_949465
650 _aChristianity
_949466
650 _aEightfold Path
_949467
700 _aPERERA (Raveen)
_949468
942 _2ddc
_cGF
999 _c223780
_d223780